Shoe Brands Quiz - Statistics

General Stats
  • This quiz has been taken 1,215 times
  • The average score is 5 of 8
Answer Stats
First Letter Shoe Brand % Correct
N NIKE
98%
A ADIDAS
79%
P PUMA
77%
C CONVERSE
69%
F FILA
56%
R REEBOK
56%
S SKETCHERS
35%
C CHAMPION
18%
No matching quizzes found
Score Distribution
Percent of People with Each Score
Percentile by Number Answered
Your Score History
You have not taken this quiz